Vzájomné súvislosti vývoja úverov a cien nehnuteľností
Analytický pohľad na reformu bankového sektora a jej vplyv na úverovú politiku bánk. Rozvoj hypotekárneho bankovníctva a rast hypotekárnych úverov. Vplyv cien nehnuteľností na dopyt po hypotekárnych úveroch. Vývoj vybraných druhov úverov. Porovnanie pomeru úverov domácností na HDP vo vybraných kraji...
Uložené v:
| Hlavný autor: | |
|---|---|
| Ďalší autori: | |
| Médium: | Kapitola |
| Jazyk: | Slovak |
| Predmet: | |
| Tagy: |
Žiadne tagy, Buďte prvý, kto otaguje tento záznam!
|
MARC
| LEADER | 00000naa$a2200000$$$4500 | ||
|---|---|---|---|
| 001 | 0017793 | ||
| 005 | 20231004124613.4 | ||
| 041 | 0 | |a slo | |
| 044 | |a SK | ||
| 245 | 1 | 0 | |a Vzájomné súvislosti vývoja úverov a cien nehnuteľností |c aut. Rastislav Čársky, Katarína Trajlinková |
| 520 | |a Analytický pohľad na reformu bankového sektora a jej vplyv na úverovú politiku bánk. Rozvoj hypotekárneho bankovníctva a rast hypotekárnych úverov. Vplyv cien nehnuteľností na dopyt po hypotekárnych úveroch. Vývoj vybraných druhov úverov. Porovnanie pomeru úverov domácností na HDP vo vybraných krajinách a na Slovensku. Vývoj úverov obyvateľstva a cien bytov. | ||
| 610 | 2 | 0 | |a ceny |
| 610 | 2 | 0 | |a nehnuteľnosti |
| 610 | 2 | 0 | |a politika úverová |
| 610 | 2 | 0 | |a bankovníctvo |
| 610 | 2 | 0 | |a úver bankový |
| 610 | 2 | 0 | |a úver hypotekárny |
| 610 | 2 | 0 | |a úver spotrebiteľský |
| 610 | 2 | 0 | |a prostredie ekonomické |
| 610 | 2 | 0 | |a domácnosti |
| 610 | 2 | 0 | |a obyvateľstvo |
| 610 | 2 | 0 | |a hypotéky |
| 610 | 2 | 0 | |a Slovensko |
| 100 | 1 | |a Čársky, Rastislav | |
| 700 | 1 | |a Trajlinková, Katarína | |